Todas las canciones de Duki (Abril 2025) - Estadísticas

Estadísticas generales
  • Esta prueba ha sido intentada 203 veces
  • La puntuación promedio es 101 de 280
Estadísticas de respuestas
Albumes Canciones ¿Colaboración? % Correcto
Super Sangre Joven Goteo Solitario
88%
Ameri Ameri Solitario
81%
Desde el Fin del Mundo Malbec Bizarrap
79%
Single Rockstar Solitario
79%
Ameri Nueva Era Myke Towers
78%
Desde el Fin del Mundo Sol Lara91k
77%
Desde el Fin del Mundo Pintao YSY A, Rei
76%
Antes de Ameri Harakiri C.R.O
75%
Single Como Si No Importara Emilia
74%
Temporada de Reggaetón 2 Givenchy Solitario
74%
Single Loca Khea, Cazzu
74%
Ameri Vida de Rock Milo J
74%
Desde el Fin del Mundo Luna Asan
73%
Single Luna Gallagher
73%
Antes de Ameri Rockstar 2.0 Jhayco
73%
Ameri Constelación Lia Kali
70%
Super Sangre Joven Hitboy Khea
70%
Ameri Imperio Judeline
70%
Single Los Del Espacio LIT Killah, Tiago PZK, Maria Becerra, Emilia, Rusherking, Big One
70%
Temporada de Reggaetón 2 Si Quieren Frontear De La Guetto, Quevedo
70%
24 24 KIdd Keo, Juicy J
69%
Ameri Wake Up & Bake Up Wiz Khalifa, Arcángel
69%
Temporada de Reggaetón 1 Bici Ak4:20, Juhn, Juanka
67%
Temporada de Reggaetón 2 Antes de Perderte Solitario
66%
Ameri Barro Solitario
65%
Ameri Brindis Headie One
65%
Antes de Ameri Don't lie Quevedo
65%
Ameri Hardaway YG, Eladio Carrión
65%
Ameri Un Dia Más YSY A
65%
Ameri Buscarte Lejos Bizarrap
64%
Single Hello Cotto Solitario
64%
Single She Don't Give a Fo Khea
64%
Super Sangre Joven A Punta De Espada YSY A
63%
Antes de Ameri Jefes del Sudoeste Solitario
63%
Ameri No Drama Ovi, Lucho SSJ
63%
Single Sin Frenos Eladio Carrión, Bizarrap
63%
Temporada de Reggaetón 1 Yin Yan Rels B
63%
Antes de Ameri 01 de enero Lucho SSJ
62%
Ameri Cine Solitario
62%
Single Hablamos Mañana Bad Bunny, Pablo Chill-E
62%
Single Loca Remix Khea, Cazzu, Bad Bunny
62%
Antes de Ameri Remember Me Khea, Bizarrap
62%
Ameri Trato de Estar Bien Morad
62%
Single Tumbando el Club Remix Neo Pistea, C.R.O, Obie Wanshot, YSY A, Cazzu, Khea, Lucho SSJ, Coqeein Montana, Marcianos Crew
62%
Antes de Ameri Contra mi West Dubai
61%
Temporada de Reggaetón 1 Top 5 Solitario
61%
Single YaMeFui Nicki Nicole, Bizarrap
61%
Single Nena Sad Remix Pablo Chill-E, Quevedo
60%
Temporada de Reggaetón 2 Amor Bipolar Mora
59%
Temporada de Reggaetón 2 Esto Recien Empieza Emilia
59%
Temporada de Reggaetón 1 Midtown Solitario
59%
Super Sangre Joven Te Traje Flores Solitario
59%
Desde el Fin del Mundo Ticket Solitario
59%
Super Sangre Joven Me Gusta Lo Simple Alemán
58%
Desde el Fin del Mundo Muriendome Khea
58%
Single Panamá Trueno
58%
Desde el Fin del Mundo Cascada Solitario
57%
Desde el Fin del Mundo Chico Estrella Solitario
57%
Single Hielo Obie Wanshot
57%
Single Quavo YSY A; Neo Pistea
57%
Antes de Ameri Ultimo Tren a Ameri Solitario
57%
Single Además de mí Remix Rusherking, Khea, Maria Becerra, LIT Killah, Tiago PZK
56%
Single BUHO Midel, Arse, Khea, Klave, MYKKA, Omar Varela
56%
Antes de Ameri Gigi Solitario
56%
Single Hijo de la Noche C.R.O, YSY A
56%
Single Mala Mia LIT Killah
56%
Single Mascara Nicki Nicole
56%
Single No Da Más YSY A
56%
Single Vuelta a la Luna YSY A
56%
Antes de Ameri Uno Dos Salastkbron
55%
Antes de Ameri Troya Solitario
54%
Desde el Fin del Mundo Volando Bajito Solitario
54%
Super Sangre Joven It's a Vibe C. Tangana, Khea, Leebrian
53%
Ameri Leitmotiv Solitario
53%
Desde el Fin del Mundo Muero de Fiesta Este Finde Ca7riel
53%
Antes de Ameri Apollo13 Solitario
52%
Single Marisola Remix Cris MJ, NIcki Nicole, Standly
52%
Single No Me Llores Leby
52%
Temporada de Reggaetón 1 Unfollow Justin Quiles, Bizarrap
52%
Single París Morat
51%
Desde el Fin del Mundo I Don't Know Solitario
50%
Temporada de Reggaetón 1 Ley de Atracción Solitario
50%
Single Mi Señora Khea, La Joaqui
50%
24 Pastillas Asan, Zecca
50%
Super Sangre Joven Perdón Solitario
49%
Single Starboy Remix Zell, Neo Pistea
49%
Single Aerobico Remix Bhavi, Milo J, LIT Killah
48%
Temporada de Reggaetón 2 Celosa Solitario
48%
Single Pacto Neo Pistea
48%
Single Party en el Barrio Paulo Londra
48%
Single Sol y Luna Solitario
48%
Single Una Vaina Loca Fuego, Manuel Turizo
48%
Antes de Ameri Csipher Akapellah, Neutro Shorty, Micho TDH
47%
Single No Me Conocen Remix Bandido, Rei, Tiago PZk
47%
Super Sangre Joven One Million Dollar Baby Eladio Carrión, Sfera Ebbasta
47%
Desde el Fin del Mundo Sudor y Trabajo Solitario
47%
24 Vida Eterna Negro Dub
47%
Desde el Fin del Mundo Cuanto Lucho SSJ, Fariana
46%
Desde el Fin del Mundo Ella Es Mi Bitch Pekeño 77, Mesita, Franux BB, 44 Kid
46%
Desde el Fin del Mundo Fifty Fifty Pablo Chill-E, Obie Wanshot, Neo Pistea, Julianno Sosa, Young Cister
46%
Single No Vendo Trap Solitario
46%
Single CEO Mesita
45%
Single Ferrari DICC
45%
24 Marca de la Cadena ByMonkid
45%
Single 2:50 Remix MYA, Tini
44%
Single 3 Estrellas en el Conjunto Bizarrap, La T y La M
44%
Single Bottas Arcángel, Bizarrap
44%
Single Dia de Pago Ovi
44%
Single Goteo Remix Ronny J, Pablo Chill-E, Capo Plaza, C.R.O
44%
Single RCP Tiago PZK
44%
Super Sangre Joven Señorita Solitario
44%
Single Sin Culpa DrefQuila
44%
Antes de Ameri Buscando Ameri Solitario
43%
Single La Clase Cazzu, Neo Pistea, YSY A
43%
Single Manhattan Nathy Peluso
43%
Desde el Fin del Mundo Mi Diablo Solitario
43%
Single Pininfarina Remix Rei, Neo Pistea
43%
Antes de Ameri Antes de perderte (OG Version) Solitario
42%
Temporada de Reggaetón 2 Perreo Bendito Solitario
41%
Single Tussi Marcianos Crew, YSY A
41%
Desde el Fin del Mundo Valentino Tobi
40%
Antes de Ameri N.C.L.C Solitario
39%
Desde el Fin del Mundo Rapido Solitario
39%
Single Si Te Sentis Sola Solitario
39%
Single Agridulce Bhavi
38%
Single Alley Oop Nigo, Peso Pluma
38%
Single Bailando Te Conocí Rusherking
38%
Single Casablanca Lucho SSJ
38%
Single Cereza Fuego
38%
Single Ella es una G C.R.O
38%
Temporada de Reggaetón 1 En Movimiento Solitario
38%
Single Interestelar C.R.O, FMK
38%
Single No Se YSY A
38%
Single Vuelta a la Luna Remix YSY A, Neo Pistea
38%
Single Shorty Nicki Nicole
37%
Single Alas C.R.O
36%
Single Fvck Luv C.R.O
36%
Super Sangre Joven La Jefatura Marcianos Crew, Lucho SSJ
36%
Single No Son Klle Santa Fe Klan, Peso Pluma
35%
Temporada de Reggaetón 2 La Vuelta Solitario
34%
Single Ta Te Ti Solitario
33%
Single Tu Silencio MKS
33%
Single Vampiros C.R.O
33%
Single Colombiana Marcianos Crew, Homer el Mero Mero
32%
Single Impala Santoz, Frijo
32%
Single Jimmy Fallon Remix Lucho SSJ, Khea, C.R.O
32%
Single Santo Grial Dano
32%
Single Trapperz A Mafia Da Sicilia Felp 22, Rauw Alejandro, Fuego, MC Davo
32%
Single Sigo Fresh Fuego
31%
Single Sonido del Año YSY A, Bhavi
31%
Single 7 Pakas Chulu, C.R.O
30%
24 Deja Vu Big Deiv, Club Hats
29%
Single Guapo YSY A, C.R.O, Neo Pistea
29%
Single LeBron Solitario
29%
Single Piensa en Mi Sticky M.A.
29%
Single 24K Frijo, Santoz
28%
Single Eres Para Mí Lara91k
28%
Single Lost Tape C.R.O
28%
24 Smoke a Lot Gallagher, Orodembow
28%
Single Un Montón Rei
28%
Single Basura C.R.O
27%
Single Cara de Diablo Midel
27%
24 Flex Like Trunkz Young Cister, Bles
27%
Single Lambo Remix C.R.O, Chucky73, Nake, West Dubai, Moonkey
27%
Single Minimo Esfuerzo Pablo Chill-E
27%
Single Pantera RVFV
27%
Single 5 Stars C. Tangana, Neo Pistea, Polima Weastcoast
26%
Single Acapella Solitario
26%
Single Angelito Obie Wanshot
26%
Single Ballin Solitario
26%
Single Colombiana Remix Marcianos Crew, Homer el Mero Mero, Neo Pistea
26%
Single Del Estudio Al Estadio Seven Kayne
26%
Single Ferrari Remix DICC, Quimico Ultra Mega, Gustavo Elis, Nayo, Cecilio G.
26%
Single Like Boss Remix Frijo, Bizarrap, Zanto, Akapellah, Moonkey, Plomia Westcoast, Santoz
26%
Single Lunes No Va Bien NahueMC, Le'eFFe
26%
Single Makina de Armado Khea, Neo Pistea
26%
Single Notorio Dano, Lua de Santana
26%
Single Si Me Sobrara el Tiempo Solitario
26%
24 Sin Mirar Asan
26%
Single Gelato Eladio Carrión, Smokepurpp, Hidemiyabi
25%
Single Café Fuego, Luyo
24%
Single Call Me Maybe Solitario
24%
Single Mi Chain de Roque Solitario
24%
Single Tu Nombre Selecta, C.R.O, Recycled J, Neo Pistea
24%
Single Tu Nombre FMK
24%
Single Exit Sick Luke, Lazza
23%
Single Me Enseñaste Remix Sael
23%
Single Perdoname Si Llego Tarde Lucho SSJ
23%
Single Sexy Eich, Marlku, Khea
23%
Single Tengo 30 Khea, Cazzu, Neo Pistea, Tali Goya
22%
Single Animo Khea, Midel
21%
Single Dolce Young Cister
21%
Single Hambre de Más Klan, YSY A
21%
Single I Dance YG
21%
Single Lola Solitario
21%
Single Mil Colores Solitario
21%
Single Punto Pa Mi Mesita
21%
Single Salgo Pa La Calle Mesita
21%
Single Todo Lit Eladio Carrión
21%
Single Wanda Nara Neo Pistea
21%
Single Ready For The Night NahueMC, 808god
20%
Single Hablamos Poco Hacemos Mucho Seven Kayne, Marlku
19%
Single La Gringa El Alfa, Yandel, Lil Jon, El Cherry Scom, Polima Westcoast
19%
Single Sigo Fresh Remix Fuego, Juicy J, De La Guetto, Myke Towers
19%
Single Vapormax Solitario
19%
Single Yo Soy El RMX Callejero FIno
19%
Single Iba a Llamarte C.R.O
18%
Single Otro Level YSY A
18%
Single Aleluya Remix Rels B, Alemán
17%
Single Lo Olvidaste Dani Ribba
17%
Single Sold Out Dates Solitario
17%
Single 20 Solitario
16%
Single Baby Pluto Mesita
16%
Single Gelato 44 Khea
16%
Single IDK Zanto
16%
Single Louis Vuitton Mesita, 44 Kid
16%
Single Basado en Hechos Reales Homer el Mero Mero, Dellalowla
15%
Single Bebo Champagne y Lo Tiro Yung Beef, Neo Pistea, Papi Trujillo, Cuban Bling, Pochi
15%
Single Blood Remix Moonkey, Recycled J, Lucho SSJ
15%
Single Carita Morena Omar Montes
15%
Single Cupido Sfera Ebbasta, Khea, Quavo, Elettra Lamborghini
15%
Single Sake West Dubai, Sake
15%
Single Txdx Violeta Klave
15%
Single Volver a Empezar Asan
15%
Single Astral Remix SyncYB, Paulo, WolfCMK
14%
Single Cypher MND 1 Mundialista Crew
14%
Single Entre Cuatro Paredes Vicentico, La Bomba de Tiempo
14%
Single Eo Eo Bles, Dellaflame
14%
Single Fornai Solitario
14%
Single Harakiri Remix C.R.O
14%
Single Machika Remix J Balvin, G-Eazy, Sfera Ebbasta, Anitta, MC Fioti, Jeon
14%
Single Orange Cookies Joven BTZ
14%
Single Perrea Negro Dub, West Dubai, Frijo
14%
Single Agua Solitario
13%
Single BZRP Session 50 Bizarrap
13%
Single Calor Remix YSY A, Shainny
13%
Single Misiones Remix Pablo Chill-E
13%
Single No Es Para Tanto Asan
13%
Single Verano Hater Dante Spinetta
12%
Single Airdrop Harry Nach
11%
Single Cypher MND 2 Mundialista Crew
11%
Single Perdiendo el Tiempo Marcianos Crew, Homer el Mero Mero
11%
Single Rally H Roto, Garzi
11%
Single Mericrisma Solitario
10%
Single Miami Ronny J, Sfera Ebbasta
10%
Single Nota Espacial Solitario
10%
Single Resaca YSY A, Scxlvry
10%
Single Sapo Santoz
10%
Single Vai Sentado Skrillex, Ludmilla, King Doudou
10%
Single Aguacero Tali Goya
9%
Single Como Si Na Solitario
9%
Single Escalera Solitario
9%
Single Level Up Solitario
9%
Single Miles Poison Kid
9%
Single Muevete West Dubai, Moonkey
9%
Single Otra Vez Pekeño 77
9%
Single Otro Cheke Rels B
9%
Single Paranoia Frijo, Santoz
9%
Single Parte del Team Sefo
9%
Single Por Mi Nombre Solitario
9%
Single Run Run Stop Polima Westcoast
9%
Single Y Si Te Vas Solitario
9%
Single Tamo Real Lucho SSJ, Pablo Chill-E
8%
Single Vivimo Caro Remix Jose Reyes, Arcángel, Eladio Carrión, Jon Z
7%
Single Batman Solitario
6%
Single Blurry Sync
6%
Single Demonios Goa
6%
Single En El Banco Neutro Shorty, Neo Pistea
6%
Single Envy Me Freestyle Pablo Chill-E
6%
Single Leitmotiv Ameri Solitario
5%
Single No Melody Fuck Frijo
5%
Single Poco a Poco DJ Mami
5%
Single Trappist 01 Neo Pistea
5%
Single Estudiando el Trap Dirty Couk
4%
Single Hasta las 6 Kodigo, DrefQuila, Warrobit, JNO, SG
4%
Single Modo Avión Solitario
4%
Single F4ke$ NahueMC
3%
Single La Coperativa de la Droga YSY A
3%
Single Venime a Buscar Nostema
2%
Single Derretida M5
1%
No se encontraron pruebas coincidentes
Distribución de puntuación
Porcentaje de gente con cada puntuación
Porcentaje por número respondido
Historial de tus puntuaciones
No has intentado esta prueba.